000
00242nam a2200097Ia 4500
001
691904
005
20250826161844.0
008
250824s9999 xx 000 0 und d
245
0
_a
SEN ONA AŞIKSIN
_c
YUNUS ORAN
260
_b
HAYY KİTAP YAYINLARI
999
_c
691904
_d
691904